Vénus et la mer

Đã lưu trong:
Chi tiết về thư mục
Tác giả chính: Durrell, Lawrence
Định dạng: Sách
Ngôn ngữ:Undetermined
Được phát hành: París, Francia Buchet/Chastel 1962
Những chủ đề:
Các nhãn: Thêm thẻ
Không có thẻ, Là người đầu tiên thẻ bản ghi này!

MARC

LEADER 00000nam a2200000Ia 4500
008 170316s9999 xx 000 0 und d
040 |a cru BVZT 
090 |a 820 D-13v 
100 |a Durrell, Lawrence 
245 |a Vénus et la mer 
260 |a París, Francia 
260 |b Buchet/Chastel 
260 |c 1962 
300 |a 250 páginas 
650 |a LITERATURA FRANCESA 
999 |c 6842  |d 6842 
942 |c 15 D  |h 820 D-13v  |2 z